000 00751nas a2200253 4500
001 BR8400272
003 BR-BrBNA
005 20231205085743.0
007 ta
008 230509b bl.|||p| |||| 00| 00por d
040 _aBR-BrBNA
_bpor
_cBiblioteca Nacional de Agricultura
041 _a(Pt)
072 _aH20
100 1 _aAnsani, C.V.
100 1 _aMatsuoka, K.
245 1 _aSobrevivencia de Phytophthora capsici no solo [requeima]
246 1 _aSurvival of Phytophthora capsici in soil [reburn]
650 _aREQUEIMA
650 _aFUNGO
650 _aSOLO
773 0 _tFitopatologia Brasileira (Brazil)
_xISSN 0100-4158
_g(Jun 1983), v. 8(2) p. 269-276
_wBR8400272
909 _a202311
_bLúcia
_c55
_dLúcia Elande
942 _2AGRIS
_n0
_cANA
999 _c113578
_d113578